Statistics for My Chemical Romance Dead! Lyrics

Click here to take the quiz!

General Stats

  • This quiz has been taken 287 times
  • The average score is 281 of 333

Answer Stats

Answer% Correct
a
100%
I
100%
The
99%
the
99%
And
98%
and
98%
be
98%
dead
98%
Dead
98%
if
98%
If
98%
to
98%
you
98%
your
98%
heart
97%
No
96%
on
96%
we
96%
what
96%
you're
96%
deserve
95%
end
95%
get
95%
in
95%
life
95%
stops
95%
then
95%
Then
95%
beating
94%
heaven
94%
I'll
94%
one
94%
One
94%
take
94%
bed
93%
here
93%
hospital
93%
Did
92%
ending
92%
of
92%
say
92%
that
92%
wait
92%
had
91%
news
91%
can
90%
ever
90%
much
90%
nice
90%
oh
90%
Oh
90%
can't
89%
heard
89%
waiting
89%
never
88%
from
86%
so
86%
won't
86%
anyway
85%
it
85%
It
85%
liked
84%
me
84%
think
83%
wondering
83%
Have
81%
were
81%
this
79%
they
78%
why
78%
just
76%
wouldn't
75%
Wouldn't
75%
babe
74%
two
73%
love
71%
great
70%
my
70%
weeks
70%
now
69%
pistol
69%
fell
68%
la
68%
La
68%
live
68%
hand
65%
are
64%
complication
64%
by
63%
joke
63%
ain't
61%
exactly
61%
grand
61%
honest
61%
laughing
61%
observation
61%
got
60%
you've
60%
am
59%
Found
59%
long
59%
operation
59%
squeamish
59%
Is
58%
planned
58%
three
56%
well
56%
four
54%
maybe
53%
during
49%
come
48%
Tongue-tied
45%
Cause
44%
motherfu*ker
37%
give
36%
most
30%
both
23%

Score Distribution

Percentile by Number Answered

Percent of People with Each Score

Your Score History

You have not taken this quiz